000 01377cam a22003617a 4500
003 CHAP
005 20220817043715.0
008 000920d1998 mx r 00110 esp d
010 _a82286
011 _a83258
020 _a9688565830
035 _a93769
040 _cCHAP
082 0 4 _a338.10972
_bT6
100 0 0 _aTorres Torres, Felipe
_ecoord.
_9114252
245 1 3 _aEl sector agropecuario mexicano después del colapso económico
_c/coord. por Felipe Torres Torres
260 _aMéxico, D. F. :
_bPlaza y Valdés,
_c1998.
300 _a319 p. :
_bgráfs.
590 _aBATCH-UPD
_b10
_c20130110
_lUCH01
_h1235
590 _aBATCH-UPD
_b10
_c20130410
_lUCH01
_h0804
590 _aBATCH-UPD
_b10
_c20130914
_lUCH01
_h1058
590 _aCONVERSION
_b10
_c20130109
_lUCH01
_h1346
650 1 4 _aAgricultura
_xAspectos economicos
_zMexico.
_91312
650 1 4 _aCrisis económica.
_928975
650 1 4 _aPolítica agrícola
_zMéxico.
711 0 _aSeminario Internacional de Economía Agrícola (
_cMéxico, D. F.)
_9104123
901 _aBK
905 _aLilia Sánchez G.
942 _cLIBRO
949 _a338.10972 T6
_bBC
_cLIBRO
_d33724000806683
_eLIBRO
_gI.206453
_h98803
_i93769
_si
_t$108.00
949 _a338.10972 T6
_bBC
_cLIBRO
_d33724000848289
_eLIBRO
_fc.2
_gDonaciØn
_h102353
_i93769
_si
949 _a338.10972 T6
_bBC
_cLIBRO
_d33724002132058
_eLIBRO
_fc.3
_gI.c/e
_h111281
_i93769
_sb
999 _c82286
_d82286